Energie pour aujourd'hui et demain (Record no. 12804)
[ view plain ]
| 000 -LEADER | |
|---|---|
| fixed length control field | 00583 a2200229 4500 |
| 035 ## - SYSTEM CONTROL NUMBER | |
| System control number | 4324 |
| 035 ## - SYSTEM CONTROL NUMBER | |
| System control number | 5741 |
| 100 ## - VEDETTE PRINCIPALE - NOM DE PERSONNE | |
| Personal name | PASSAT, Jacques |
| 130 ## - VEDETTE PRINCIPALE - TITRE UNIFORME | |
| Language of a work | Fr. |
| 260 ## - PUBLICATION, DISTRIBUTION, ETC. (IMPRINT) | |
| Place of publication, distribution, etc | Paris |
| 260 ## - PUBLICATION, DISTRIBUTION, ETC. (IMPRINT) | |
| Name of publisher, distributor, etc | Eyrolles |
| 245 ## - TITLE STATEMENT | |
| Title | Energie pour aujourd'hui et demain |
| 260 ## - PUBLICATION, DISTRIBUTION, ETC. (IMPRINT) | |
| Date of publication, distribution, etc | 1976 |
| 300 ## - PHYSICAL DESCRIPTION | |
| Extent | 96 p. |
| 300 ## - PHYSICAL DESCRIPTION | |
| Other physical details | ill. (part en coul.), cartes, plans ; 19 cm |
| 440 ## - SERIES STATEMENT/ADDED ENTRY--TITLE | |
| Title | (pour mieux connaître) |
| 500 ## - GENERAL NOTE | |
| General note | comprend des pages d'ill. hors-textes. Comprend un index |
| 650 ## - SUBJECT ADDED ENTRY--TOPICAL TERM | |
| Topical term or geographic name as entry element | <Force et energie - Ressources> |
| Withdrawn status | Lost status | Damaged status | Not for loan | Location (home branch) | Sublocation or collection (holding branch) | Date acquired | Koha issues (times borrowed) | Koha full call number | Koha date last seen | Price effective from | Koha item type |
|---|---|---|---|---|---|---|---|---|---|---|---|
| Bibliothèque Ecole Polytechnique d'Abomey-Calavi | Bibliothèque Ecole Polytechnique d'Abomey-Calavi | 27/02/2009 | 333.7/P266e | 27/02/2009 | 27/02/2009 | Livre |